Grundrechte - Statistiken

Allgemein
  • Dieses Quiz wurde 159 mal gespielt
  • Das Durchschnittsergebnis liegt bei 10 aus 25
Antwortstatistiken
Norm Grundrecht % Korrekt
Artikel 2 Handlungsfreiheit; Freiheit der Person; Recht auf Leben und körperliche Unversehrtheit
92%
Artikel 1 Menschenwürde
92%
Artikel 5 Meinungsfreiheit; Pressefreiheit; Kunstfreiheit; Wissenschaftsfreiheit
78%
Artikel 4 Religionsfreiheit
69%
Artikel 8 Versammlungsfreiheit
66%
Artikel 3 Gleichheit
64%
Artikel 6 Schutz von Ehe und Familie
57%
Artikel 14 Eigentumsrecht, Erbrecht
49%
Artikel 12 Berufsfreiheit; Verbot der Zwangsarbeit
48%
Artikel 11 Freizügigkeit
48%
Artikel 13 Unverletzlichkeit der Wohnung
47%
Artikel 7 Schulbezogene Rechte
42%
Artikel 10 Brief-, Post- und Fernmeldegeheimnis
37%
Artikel 16a Asylrecht
35%
Artikel 38 Wahlrecht
35%
Artikel 9 Vereinigungsfreiheit; Koalitionsfreiheit
31%
Artikel 19 Rechtsweggarantie
20%
Artikel 17 Petitionsrecht
19%
Artikel 16 Recht auf Staatsangehörigkeit; Auslieferungsverbot
15%
Artikel 15 Vergesellschaftung
15%
Artikel 20 Widerstandsrecht
12%
Artikel 101 Recht auf einen gesetzlichen Richter
10%
Artikel 103 Rechtliches Gehör; Gesetzlichkeitsprinzip, Bestimmtheitsgrundsatz, Rückwirkungsverbot; Doppelbestrafungsverbot
10%
Artikel 104 Rechte beim Freiheitsentzug
7%
Artikel 33 Gleicher Zugang zu öffentlichen Ämtern
4%
Keine übereinstimmenden Quizze gefunden
Verteilung der Resultate
Anzahl Personen mit jedem Resultat
Perzentil nach korrekt beantworteten Fragen
Ihre Resultats-Entwicklung
Sie haben dieses Quiz noch nicht gespielt